Score 0/30 Timer 06:00
0 Plays Today
Phrase Y/N % Correct
'No soldier shall, in time of peace be quartered in any house, without the consent of the Owner.'???
78.5%
'The Congress shall have the power to... regulate commerce with foreign nations and among the several States.'???
78%
'No person shall be a representative who shall not have attained to the age of twenty-five years.'???
76.2%
'Congress shall pass no law restricting or impairing a woman's Reproductive Choice.'???
74.1%
'The Congress shall assemble at least once in every year.'???
73.5%
'No new State shall be formed or erected within the jurisdiction of any other State... without the Consent of the Legislatures of the States concerned as well as of the Congress.'???
72.2%
'The President shall be the Commander in Chief of... the Militia of the several States.'???
71.1%
'Representatives shall be apportioned among according to their respective numbers, counting the whole number of persons in each, excluding Indians not taxed.'???
71.1%
'No State shall be required to give effect to any law of any other State, respecting a relationship between persons of the same sex that is treated as a marriage.'???
69.4%
'The Congress shall have power to lay and collect taxes on incomes, from whatever source derived.'???
67.8%
'No person shall be Interned upon basis of their Ethnicity.'???
66.8%
'The Congress shall have power to prohibit the physical desecration of the flag of the United States.'???
66.1%
'In all suits at common law, where the value in controversy shall exceed twenty dollars, the right of trial by jury shall be preserved.'???
65.7%
'The Judges, both of the Supreme Court and the inferior Courts, shall hold their Offices during good Behaviour.'???
63.8%
'The American Continents, by the free and independent condition which they have assumed, are henceforth not to be considered as Subjects for future colonization.'???
63.2%
Phrase Y/N % Correct
'No person shall be elected to the office of President more than twice.'???
62.3%
'No religious Test shall ever be required as a Qualification to any Office or public Trust under the United States.'???
62.3%
'No money raised by taxation in any State for the support of public schools shall ever be under the control of any religious sect.'???
61.2%
'No person shall be convicted of Treason unless on the Testimony of two Witnesses to the same overt Act, or on Confession in open court.'???
60.9%
'That these united Colonies are, and of Right ought to be Free and Independent States; that they are Absolved from all Allegiance to the British Crown.'???
60.7%
'The President shall have Power to fill up all Vacancies that may happen during the Recess of the Senate.'???
60.5%
'The Congress shall have power to limit, regulate, and prohibit the labor of persons under eighteen years of age.'???
60.1%
'We hold these truths to be self-evident, that all men are created equal, that they are endowed by their Creator with certain unalienable Rights.'???
59.8%
'The President shall have the power to conduct military Police Actions.'???
59.7%
'The United States shall guarantee to every State in this Union a Republican Form of Government.'???
55%
'Equality of rights under the law shall not be denied or abridged by the United States or by any State on account of sex.'???
55%
'For purposes of representation in the Congress, the District constituting the seat of government of the United States shall be treated as though it were a State.'???
53.2%
'If any citizen of the United States shall accept, claim, receive or retain, any title of nobility or honour... such person shall cease to be a citizen of the United States.'???
44.5%
'No amendment shall be made to the Constitution which will authorize Congress abolish or interfere, within any State, with the domestic institutions thereof.'???
36.4%
'There shall be one Representative for every thirty thousand, until the number shall amount to one hundred, after which the proportion shall be so regulated by Congress.'???
29.9%

You're not logged in!

Compare scores with friends on all Sporcle quizzes.
OR
Log In

Sporcle TV

Today on Sporcle TV


Watch our educational content, quiz creation guides, and fun videos on Sporcle TV.

Show Comments

Extras

Top Quizzes Today


Score Distribution

Paid Content

Your Account Isn't Verified!

In order to create a playlist on Sporcle, you need to verify the email address you used during registration. Go to your Sporcle Settings to finish the process.

Report this User

Report this user for behavior that violates our Community Guidelines.

Details: